Sports Quiz

Random Sports or NBA Quiz

NBA All-Star Weekend Stats Quiz Stats

 Plays Quiz not verified by Sporcle

Support Sporcle.
Go Orange.
Score 0/80 Timer 10:00
0 Plays Today
Stat Player % Correct
All Star Game AppearancesKobe Bryant
96.6%
All Star Game AppearancesLeBron James
96.6%
All Star Game MVPsKobe Bryant
96.6%
All Star Game MVPsLeBron James
96.6%
All Star Game PointsLeBron James
96.6%
All Star Game PointsKobe Bryant
96.6%
All Star Game ReboundsDolph Schayes
96.6%
All Star Game AssistsLeBron James
96.6%
All Star Game AssistsKobe Bryant
96.6%
Dunk Contest WinsKobe Bryant
96.6%
All Star Game AppearancesKareem Abdul-Jabbar
93.1%
All Star Game AppearancesShaquille O'Neal
93.1%
All Star Game AppearancesMichael Jordan
93.1%
All Star Game MVPsMichael Jordan
93.1%
All Star Game MVPsShaquille O'Neal
93.1%
All Star Game PointsMichael Jordan
93.1%
All Star Game PointsKareem Abdul-Jabbar
93.1%
All Star Game PointsShaquille O'Neal
93.1%
All Star Game ReboundsKareem Abdul-Jabbar
93.1%
All Star Game ReboundsShaquille O'Neal
93.1%
Dunk Contest WinsMichael Jordan
93.1%
All Star Game MVPsMagic Johnson
89.7%
All Star Game ReboundsWilt Chamberlain
89.7%
All Star Game AssistsChris Paul
89.7%
Three-Point Contest WinsLarry Bird
89.7%
Skills Challenge WinsDwayne Wade
89.7%
Dunk Contest WinsNate Robinson
86.2%
All Star Game AppearancesJerry West
82.8%
All Star Game MVPsKevin Durant
82.8%
All Star Game PointsKevin Durant
82.8%
All Star Game AppearancesTim Duncan
79.3%
All Star Game AppearancesKarl Malone
79.3%
All Star Game ReboundsTim Duncan
79.3%
All Star Game ReboundsMoses Malone
79.3%
Dunk Contest WinsZach LaVine
79.3%
Three-Point Contest WinsStephen Curry
79.3%
All Star Game MVPsRussell Westbrook
75.9%
All Star Game AppearancesKevin Garnett
72.4%
All Star Game ReboundsBill Russell
72.4%
All Star Game AssistsJohn Stockton
72.4%
Stat Player % Correct
Skills Challenge WinsBaron Davis
72.4%
All Star Game AppearancesDirk Nowitzki
69%
All Star Game AssistsMagic Johnson
69%
All Star Game AssistsJason Kidd
65.5%
Dunk Contest WinsDominique Wilkins
65.5%
Dunk Contest WinsVince Carter
65.5%
Skills Challenge WinsSteve Nash
65.5%
Skills Challenge WinsJason Kidd
65.5%
Three-Point Contest WinsKlay Thompson
62.1%
All Star Game MVPsOscar Robertson
58.6%
All Star Game PointsOscar Robertson
58.6%
All Star Game PointsElgin Baylor
58.6%
All Star Game ReboundsElgin Baylor
58.6%
All Star Game AssistsOscar Robertson
58.6%
All Star Game MVPsAllen Iverson
51.7%
All Star Game AssistsIsiah Thomas
51.7%
All Star Game AssistsBob Cousy
51.7%
Skills Challenge WinsJayson Tatum
51.7%
Skills Challenge WinsDeron Williams
44.8%
All Star Game MVPsBob Pettit
41.4%
All Star Game PointsBob Pettit
41.4%
All Star Game PointsJulius Erving
41.4%
All Star Game ReboundsBob Pettit
41.4%
Three-Point Contest WinsPeja Stojakovic
41.4%
Skills Challenge WinsDamian Lillard
41.4%
Dunk Contest WinsJason Richardson
37.9%
Three-Point Contest WinsBuddy Hield
37.9%
All Star Game AssistsGary Payton
34.5%
Skills Challenge WinsDerrick Rose
34.5%
Three-Point Contest WinsJoe Harris
31%
Skills Challenge WinsSpencer Dinwiddie
31%
Three-Point Contest WinsJeff Hornacek
27.6%
Dunk Contest WinsDerrick Jones Jr.
24.1%
Three-Point Contest WinsJason Kapono
24.1%
Skills Challenge WinsPatrick Beverley
24.1%
All Star Game ReboundsLeBron James
20.7%
Dunk Contest WinsDonovan Mitchell
20.7%
Three-Point Contest WinsCraig Hodges
20.7%
Dunk Contest WinsHarold Miner
17.2%
Three-Point Contest WinsMark Price
6.9%

You're not logged in!

Compare scores with friends on all Sporcle quizzes.
OR
Log In

From the Vault

'V' Entertainment Images

by druhutch

It's pure coincidence that 'V' happens to be the Roman Numeral for five, we assure you.
Remove Ads.
Support Sporcle.
Get the best of Sporcle when you Go Orange. This ad-free experience offers more features, more stats, and more fun while also helping to support Sporcle. Thank you for becoming a member.

Show Comments

Extras

Top Quizzes Today


Score Distribution

Your Account Isn't Verified!

In order to create a playlist on Sporcle, you need to verify the email address you used during registration. Go to your Sporcle Settings to finish the process.

Report this User

Report this user for behavior that violates our Community Guidelines.

Details: